Warren's abstract machine : a tutorial reconstruction

Αποθηκεύτηκε σε:
Λεπτομέρειες βιβλιογραφικής εγγραφής
Κύριος συγγραφέας: Ait-Kaci, Hassan 1954-
Μορφή: Βιβλίο
Γλώσσα:English
Δημοσίευση: Cambridge, Mass. : MIT Press, c1991
Σειρά:Logic programming
Θέματα:
Ετικέτες: Προσθήκη ετικέτας
Δεν υπάρχουν, Καταχωρήστε ετικέτα πρώτοι!

MARC

LEADER 00000cam a2200000 i 4500
001 1/28864
008 941103s1991 eng d
020 |a 0262011239 
020 |a 0262510588 
035 |l 10038181 
035 |a 1993  |c ΠΑΝΑΓΙΩΤΟΠΟΥΛΟΣ 
040 |a GR-MY-UA  |b gre  |e aacr 
041 0 |a eng 
082 0 |a 006.3  |2 (20) 
100 1 |a Ait-Kaci, Hassan  |d 1954- 
245 1 0 |a Warren's abstract machine :  |b a tutorial reconstruction /  |c Hassan Ait-Kaci 
260 |a Cambridge, Mass. :   |b MIT Press,   |c c1991 
300 |a xvi, 114 p.;  |b ill.;  |c 24 cm 
490 1 |a Logic programming 
504 |a Includes bibliographical references (p. [105]-107) and index 
650 0 0 |a Prolog (Computer program language) 
650 0 0 |a Logic programming. 
650 0 0 |a Electronic digital computers. 
830 0 |a Logic programming 
852 |a INST  |b SAMOS  |e 19941103  |h 006.3 AIT  |p 005300003752  |q 005300003752  |t BK  |y 0 
909 |a Σ  |b 029494